Chicago then and now / (Record no. 492747)
[ view plain ]
| 000 -LEADER | |
|---|---|
| fixed length control field | 01044nam a22002417a 4500 |
| 003 - CONTROL NUMBER IDENTIFIER | |
| control field | OSt |
| 005 - DATE AND TIME OF LATEST TRANSACTION | |
| control field | 20260513130331.0 |
| 008 - FIXED-LENGTH DATA ELEMENTS--GENERAL INFORMATION | |
| fixed length control field | 260513b |||||||| |||| 00| 0 eng d |
| 020 ## - INTERNATIONAL STANDARD BOOK NUMBER | |
| International Standard Book Number | 9781910904053 |
| 040 ## - CATALOGING SOURCE | |
| Original cataloging agency | Kenya National Library Service |
| 082 ## - DEWEY DECIMAL CLASSIFICATION NUMBER | |
| Classification number | 977.3 MAG |
| 100 ## - MAIN ENTRY--PERSONAL NAME | |
| Personal name | Maguire, Kathleen |
| Relator term | author |
| 245 ## - TITLE STATEMENT | |
| Title | Chicago then and now / |
| Statement of responsibility, etc. | Kathleen Maguire with Elizabeth McNulty |
| 300 ## - PHYSICAL DESCRIPTION | |
| Extent | 144 pages : |
| Other physical details | colour illustration ; |
| Dimensions | 25 x 29 cm. |
| 504 ## - BIBLIOGRAPHY, ETC. NOTE | |
| Bibliography, etc. note | Includes index |
| 520 ## - SUMMARY, ETC. | |
| Summary, etc. | "This book pairs archival photos with modern views to tell the story of the city's rich history. It is a story of determination and pride, and the evocative photos on these pages reflect the many faces of Chicago's heritage. |
| 650 ## - SUBJECT ADDED ENTRY--TOPICAL TERM | |
| Topical term or geographic name entry element | Chicago (Ill.) |
| Form subdivision | History |
| General subdivision | Pictorial works |
| 650 ## - SUBJECT ADDED ENTRY--TOPICAL TERM | |
| Topical term or geographic name entry element | Chicago (Ill.) |
| Form subdivision | Buildings, structures, etc |
| General subdivision | Pictorial works |
| 700 ## - ADDED ENTRY--PERSONAL NAME | |
| Personal name | McNulty, Elizabeth |
| Relator term | author |
| 942 ## - ADDED ENTRY ELEMENTS (KOHA) | |
| Source of classification or shelving scheme | Dewey Decimal Classification |
| Koha item type | Books |
| Suppress in OPAC | No |
No items available.
